Datum a čas kvízu
26
Celkem bodů
Celkový počet nahraných bodů na tomto kvízu bez doplňovacích otázek.
6.
Pořadí na kvízu
Konečné umístění týmu na tomto kvízu.
Zaznamenané odpovědi
| # | Otázka | Odpověď | Body | Výsledky |
|---|---|---|---|---|
| 1. | KSČM ve čtvrtek ukončila člens... | Jiří Dolejš | 1 | |
| 2. | V úterý se v metropoli jedné b... | v Rijádu | 0 | |
| 3. | Minulý týden odstartovala na T... | 4. řada, Suzuki | 1 | |
| 4. | Vedení sítě provozoven jistého... | KFC | 1 | |
| 5. | V pátek vyvrcholil v americkém... | 4 Nations (Face Off)/Turnaj čtyř zemí | 0 | |
| 6. | Nyní se od aktualit přesuneme... | 1C 2D 3B 4A | 1 | |
| 7. | Uveďte odborný název pro skupi... | ichtyosauři | 0 | |
| 8. | Většina fosilií dinosaurů byla... | Burianosaurus augustai | 1 | |
| 9. | Americký spisovatel a scenáris... | Michael Crichton | 1 | |
| 10. | Na fotce vidíme rekonstrukci l... | Lucy | 0 |